All Beat Saber OST's + Extras/Camellia Pack - Statistics

General Stats
  • This quiz has been taken 17 times
  • The average score is 23 of 55
Answer Stats
Music Pack Song % Correct
OST Vol. 1 $100 Bills
86%
OST Vol. 1 Beat Saber
79%
Camellia Ghost
71%
OST Vol. 4 Spin Eternally
71%
Extras Crab Rave
64%
Camellia Crystallized
64%
OST Vol. 1 Breezer
57%
OST Vol. 5 Final-Boss-Chan
57%
OST Vol. 4 LUDICROUS+
57%
OST Vol. 2 Rum N' Bass
57%
Extras Angel Voices
50%
OST Vol. 3 Burning Sands
50%
OST Vol. 1 Commercial Pumping
50%
OST Vol. 1 Country Rounds
50%
OST Vol. 5 I Wanna Be A Machine
50%
OST Vol. 1 Legend
50%
Camellia Light It Up
50%
OST Vol. 6 Power Of The Saber Blade
50%
OST Vol. 6 Tempo-Katana
50%
OST Vol. 7 The Master
50%
OST Vol. 1 Balearic Pumping
43%
OST Vol. 2 Be There For You
43%
Camellia Cycle Hit
43%
Camellia EXiT This Earth's Atomosphere
43%
OST Vol. 5 Firestarter
43%
OST Vol. 6 Heavy Weight
43%
OST Vol. 3 Immortal
43%
OST Vol. 4 Into The Dream
43%
OST Vol. 6 Lift Off
43%
OST Vol. 3 Reason For Living
43%
OST Vol. 2 Unlimited Power
43%
Camellia WHAT THE CAT!?
43%
OST Vol. 7 World Wide Web
43%
OST Vol. 5 $1.78
36%
Extras FitBeat
36%
OST Vol. 7 Lustre
36%
OST Vol. 1 Lvl Insane
36%
OST Vol. 5 Magic
36%
Extras One Hope
36%
OST Vol. 7 Untamed
36%
OST Vol. 6 Cathedral
29%
OST Vol. 5 Curtains
29%
OST Vol. 7 Damage
29%
OST Vol. 1 Escape
29%
OST Vol. 4 It Takes Me
29%
OST Vol. 3 Origins
29%
Extras POP/STARS
29%
Extras Spooky Beat
29%
Extras $100 Bills Remix
21%
Extras Escape Remix
21%
OST Vol. 3 Full Charge
21%
OST Vol. 3 Give A Little Love
21%
OST Vol. 2 I Need You
21%
OST Vol. 1 Turn Me On
21%
OST Vol. 2 Elixia
14%
No matching quizzes found
Score Distribution
Percent of People with Each Score
Percentile by Number Answered
Your Score History
You have not taken this quiz